000 00529nam a22001697a 4500
005 20251108172848.0
008 250721s2003 xx 000 0 ara d
082 1 4 _a956.5/ عنا
100 1 _aالعنابي، زهر
245 1 0 _aالأردن أولاً :منهج علمي من أجل العروبة و الإنسان 0000000000000 /
264 1 _aعمان :
_bد.ن،
_c2003.
300 _aج3.
650 1 7 _aتاريخ الأردن
650 1 7 _aالبيئة الاجتماعية
942 _2ddc
_cBK
999 _c90303
_d90303